El arte posicionado (Record no. 18395)

MARC details
000 -LEADER
campo de control de longitud fija 00774nam a2200229 i 4500
001 - NÚMERO DE CONTROL
campo de control 18395
003 - IDENTIFICADOR DE NÚMERO DE CONTROL
campo de control ES-MaACL
005 - FECHA Y HORA DE LA ÚLTIMA TRANSACCIÓN
campo de control 20251206063027.0
007 - CAMPO FIJO DE DESCRIPCIÓN FÍSICA--INFORMACIÓN GENERAL
campo de control de longitud fija t|
008 - DATOS DE LONGITUD FIJA--INFORMACIÓN GENERAL
campo de control de longitud fija 011214s2001 sp ||||1| spa d
020 ## - NÚMERO INTERNACIONAL ESTÁNDAR DEL LIBRO
Número Internacional Estándar del Libro 84-239-9929-7
080 ## - NÚMERO DE LA CLASIFICACIÓN DECIMAL UNIVERSAL
Número de la Clasificación Decimal Universal 7.036
100 1# - ENTRADA PRINCIPAL--NOMBRE DE PERSONA
Nombre de persona Cabañas Bravo, Miguel,
Fechas asociadas al nombre 1963-
9 (RLIN) 173882
245 13 - MENCIÓN DEL TÍTULO
Título El arte posicionado
Resto del título : pintura y escultura fuera de España desde 1929 /
Mención de responsabilidad, etc. por Miguel Cabañas Bravo.
260 ## - PUBLICACIÓN, DISTRIBUCIÓN, ETC.
Lugar de publicación, distribución, etc. Madrid :
Nombre del editor, distribuidor, etc. Espasa Calpe,
Fecha de publicación, distribución, etc. 2001.
300 ## - DESCRIPCIÓN FÍSICA
Extensión 510 p. :
Otras características físicas il. ;
Dimensiones 27 cm.
490 1# - MENCIÓN DE SERIE
Mención de serie Summa Artis : historia general del arte ;
Designación de volumen o secuencia 48
650 #7 - PUNTO DE ACCESO ADICIONAL DE MATERIA--TÉRMINO DE MATERIA
Término de materia o nombre geográfico como elemento de entrada Arte-
Subdivisión cronológica S.XX
Fuente del encabezamiento o término
9 (RLIN) 141916
830 0# - PUNTO DE ACCESO ADICIONAL DE SERIE-TÍTULO UNIFORME
Título uniforme Summa Artis : historia general del arte ;
Designación de volumen o secuencia 48
9 (RLIN) 179647
852 ## - LOCALIZACIÓN
Ubicación ES-MaACL
Número de control de estantería J-54 vol. XLVIII
Sublocalización o colección R.131080
Holdings
Estatus retirado Estado de pérdida Estado de daño No para préstamo Biblioteca de origen Biblioteca actual Ubicación en estantería Fecha de adquisición Fuente de adquisición Total de préstamos Signatura topográfica completa Código de barras Visto por última vez Precio de reemplazo Tipo de ítem Koha
        Biblioteca del Ateneo de Madrid Biblioteca del Ateneo de Madrid Depósito 2 17/01/2008     J-54 vol. XLVIII 1018816 23/02/2023 23/02/2023 Libro impreso